Statistics for People Who Play Instruments Quiz #2

Click here to take the quiz!

General Stats

  • This quiz has been taken 18,947 times
    (14,653 since last reset)
  • The average score is 11 of 24

Answer Stats

Person Instrument % Correct
Jimi HendrixGuitar
99%
Elton JohnPiano
92%
Paul McCartneyBass
77%
Miles DavisTrumpet
76%
Bill ClintonSaxophone
67%
LiberacePiano
62%
Lisa SimpsonSaxophone
62%
Stevie Ray VaughanGuitar
57%
The DevilFiddle
55%
Tommy LeeDrums
53%
PanPan Flute
52%
John BonhamDrums
45%
Niccolo PaganiniViolin
43%
Johann Sebastian BachOrgan
39%
Lois GriffinPiano
34%
Ron BurgundyFlute
32%
Buddy RichDrums
29%
Tiny TimUkulele
27%
Woody AllenClarinet
27%
Thomas JeffersonViolin
23%
Clint EastwoodPiano
19%
Charles MingusBass
18%
Artie ShawClarinet
16%
Bela FleckBanjo
13%

Score Distribution

Percentile by Number Answered

Percent of People with Each Score

Your Score History

You have not taken this quiz since the last reset